[Event "24. European Club Cup 2008"]
[Site "Kallithea GRE"]
[Date "2008.10.23"]
[Round "7.22"]
[White "Olsson, Anders"]
[Black "Gretarsson, Hjorvar Steinn"]
[Result "1-0"]
[WhiteElo "2404"]
[BlackElo "2284"]
[PlyCount "79"]
[EventDate "2008.10.17"]
[EventType "team-swiss"]
[EventRounds "7"]
[EventCountry "GRE"]
[Source "lmi"]
[SourceDate "2008.10.17"]
[WhiteTeam "Rockaden"]
[BlackTeam "Hellir"]

1. e4 c5 2. Nc3 Nc6 3. f4 g6 4. Nf3 Bg7 5. Bb5 Nd4 6. O-O Nxb5 7. Nxb5 d6 8. d3
a6 9. Nc3 b5 10. Qe1 b4 11. Ne2 a5 12. a3 Bb7 13. f5 Qb6 14. Kh1 Nf6 15. Qh4
Nd7 16. axb4 axb4 17. Rxa8+ Bxa8 18. Ng3 Qa6 19. b3 Qa2 20. Ne1 Bc3 21. Bg5 h6
22. Be3 g5 23. Qg4 Bxe1 24. Rxe1 Qxc2 25. f6 e6 26. d4 Nxf6 27. Qf3 Nxe4 28.
dxc5 g4 29. Qxg4 Qc3 30. Qe2 Nxg3+ 31. hxg3 Bc6 32. cxd6 Kd7 33. Rc1 Qxb3 34.
Qa6 Rc8 35. Qa7+ Kxd6 36. Bc5+ Kd5 37. Qxf7 Qxg3 38. Qh5+ e5 39. Qf7+ Ke4 40.
Bf2 1-0

[Event "24. European Club Cup 2008"]
[Site "Kallithea GRE"]
[Date "2008.10.23"]
[Round "7.22"]
[White "Salama, Omar"]
[Black "Hedman, Erik"]
[Result "0-1"]
[WhiteElo "2258"]
[BlackElo "2353"]
[PlyCount "60"]
[EventDate "2008.10.17"]
[EventType "team-swiss"]
[EventRounds "7"]
[EventCountry "GRE"]
[Source "lmi"]
[SourceDate "2008.10.17"]
[WhiteTeam "Hellir"]
[BlackTeam "Rockaden"]

1. d4 Nf6 2. c4 c5 3. d5 e6 4. Nc3 exd5 5. cxd5 d6 6. e4 g6 7. f4 Bg7 8. Bb5+
Nfd7 9. Be2 Qh4+ 10. g3 Qe7 11. Nf3 O-O 12. O-O Nb6 13. e5 N8d7 14. exd6 Qxd6
15. f5 Bxc3 16. bxc3 Qxd5 17. fxg6 hxg6 18. Bh6 Re8 19. Qc2 c4 20. Ng5 f5 21.
Bh5 Qc5+ 22. Kg2 gxh5 23. Rxf5 Qc6+ 24. Kg1 Qxh6 25. Raf1 Ne5 26. Nf7 Nxf7 27.
Rf6 Qe3+ 28. R1f2 Qd3 29. Qc1 Bg4 30. Rxf7 Qd1+ 0-1

[Event "24. European Club Cup 2008"]
[Site "Kallithea GRE"]
[Date "2008.10.23"]
[Round "7.22"]
[White "Livner, Anders"]
[Black "Edvardsson, Kristjan"]
[Result "0-1"]
[WhiteElo "2315"]
[BlackElo "2245"]
[PlyCount "106"]
[EventDate "2008.10.17"]
[EventType "team-swiss"]
[EventRounds "7"]
[EventCountry "GRE"]
[Source "lmi"]
[SourceDate "2008.10.17"]
[WhiteTeam "Rockaden"]
[BlackTeam "Hellir"]

1. d4 Nf6 2. c4 c5 3. d5 b5 4. cxb5 a6 5. bxa6 Bxa6 6. Nc3 d6 7. g3 g6 8. Bg2
Bg7 9. Nf3 Nbd7 10. Rb1 O-O 11. O-O Nb6 12. b3 Qc7 13. a4 Rfb8 14. Re1 Ra7 15.
Bb2 Nbd7 16. Ba1 Rab7 17. Qc2 Ng4 18. h3 Nge5 19. Nd2 Nf6 20. Na2 Ne8 21. f4
Nd7 22. Bxg7 Nxg7 23. e4 Qa5 24. Bf1 Nh5 25. Kg2 Bxf1+ 26. Rxf1 Qa6 27. Qc3
Nhf6 28. Rfe1 Nb6 29. Kf3 Nxa4 30. bxa4 Rxb1 31. Nxb1 Qxa4 32. Nd2 Qxa2 33. Ra1
Qb2 34. Qxb2 Rxb2 35. Ke3 Nh5 36. Rg1 Ra2 37. e5 Ra3+ 38. Kf2 dxe5 39. fxe5 Rd3
40. Nf3 Rxd5 41. Rc1 f6 42. exf6 Nxf6 43. Re1 Kf8 44. Re6 Kf7 45. Rc6 Ne4+ 46.
Kg2 Ke8 47. h4 Kd7 48. Ra6 c4 49. Ra4 Nd2 50. Ra8 Kd6 51. Ne1 Nb3 52. Ra3 Rd1
53. Kf2 Rxe1 0-1

[Event "24. European Club Cup 2008"]
[Site "Kallithea GRE"]
[Date "2008.10.23"]
[Round "7.23"]
[White "Karkanaqe, Ilir"]
[Black "Gunnarsson, Jon Viktor"]
[Result "0-1"]
[WhiteElo "2383"]
[BlackElo "2430"]
[PlyCount "92"]
[EventDate "2008.10.17"]
[EventType "team-swiss"]
[EventRounds "7"]
[EventCountry "GRE"]
[Source "lmi"]
[SourceDate "2008.10.17"]
[WhiteTeam "Butrinti"]
[BlackTeam "Bolungarvik"]

1. Nf3 c5 2. c4 Nf6 3. d4 cxd4 4. Nxd4 g6 5. Nc3 Nc6 6. e4 Nxd4 7. Qxd4 d6 8.
Be2 Bg7 9. Be3 O-O 10. Qd2 a5 11. O-O a4 12. Rab1 Qa5 13. Rfc1 Be6 14. f3 Rfc8
15. b4 axb3 16. axb3 Qb4 17. Na4 Qxd2 18. Bxd2 Nd7 19. Be3 Rc6 20. f4 Nf6 21.
Nb6 Ra2 22. Bf3 Ng4 23. Bxg4 Bxg4 24. Nd5 Kf8 25. Nc3 Ra8 26. Rc2 Be6 27. Nb5
f5 28. Bd4 Bh6 29. e5 Bxf4 30. exd6 Bxd6 31. Re2 Bb4 32. Rd1 Kf7 33. Be3 Rca6
34. Nc7 Ra1 35. Bc1 R8a2 36. Rxa2 Rxa2 37. Be3 Re2 38. Bb6 f4 39. Nb5 Bg4 40.
Rf1 e5 41. c5 Bd7 42. Nd6+ Ke7 43. Nxb7 Bc6 44. Ra1 Rxg2+ 45. Kf1 f3 46. Ra7
Bb5# 0-1

[Event "24. European Club Cup 2008"]
[Site "Kallithea GRE"]
[Date "2008.10.23"]
[Round "7.23"]
[White "Thorfinnsson, Bragi"]
[Black "Cela, Shkelqim"]
[Result "1/2-1/2"]
[WhiteElo "2383"]
[BlackElo "2302"]
[PlyCount "98"]
[EventDate "2008.10.17"]
[EventType "team-swiss"]
[EventRounds "7"]
[EventCountry "GRE"]
[Source "lmi"]
[SourceDate "2008.10.17"]
[WhiteTeam "Bolungarvik"]
[BlackTeam "Butrinti"]

1. d4 Nf6 2. c4 e6 3. Nf3 b6 4. g3 Ba6 5. Nbd2 Bb7 6. Bg2 c5 7. dxc5 Bxc5 8.
O-O Qc7 9. a3 O-O 10. b4 Be7 11. Bb2 a5 12. b5 d6 13. a4 Nbd7 14. Nd4 d5 15.
cxd5 Nxd5 16. e4 N5f6 17. Qe2 Rac8 18. Rfc1 Nc5 19. e5 Nd5 20. Ne4 Qd7 21. h4
Nxe4 22. Bxe4 Bb4 23. Qf3 h6 24. Ne2 Bc5 25. Rd1 Qe7 26. Bd4 Bxd4 27. Nxd4 Rc3
28. Qg4 Nb4 29. Rac1 Na2 30. Ra1 Nb4 31. Rac1 Na2 32. Ra1 Nb4 33. Ne2 Rc5 34.
Qf3 Bxe4 35. Qxe4 Qc7 36. Rd6 Rd8 37. Rad1 Nd5 38. Rxd8+ Qxd8 39. Nf4 Qd7 40.
Rd3 Nc3 41. Qa8+ Rc8 42. Qf3 Qc7 43. Rd6 Nxa4 44. Rc6 Qb8 45. Nh5 Rxc6 46. bxc6
Qxe5 47. Qg4 b5 48. Qd1 Qd5 49. Qg4 Qe5 1/2-1/2

[Event "24. European Club Cup 2008"]
[Site "Kallithea GRE"]
[Date "2008.10.23"]
[Round "7.23"]
[White "Gislason, Gudmundur"]
[Black "Seitaj, Ilir"]
[Result "1/2-1/2"]
[WhiteElo "2328"]
[BlackElo "2391"]
[PlyCount "30"]
[EventDate "2008.10.17"]
[EventType "team-swiss"]
[EventRounds "7"]
[EventCountry "GRE"]
[Source "lmi"]
[SourceDate "2008.10.17"]
[WhiteTeam "Bolungarvik"]
[BlackTeam "Butrinti"]

1. d4 d5 2. c4 e6 3. Nf3 c5 4. Nc3 Nc6 5. g3 Nf6 6. Bg2 Be7 7. O-O O-O 8. cxd5
exd5 9. dxc5 d4 10. Na4 Bf5 11. Nh4 Be4 12. Bxe4 Nxe4 13. Nf5 Nxc5 14. Nxe7+
Qxe7 15. Nxc5 Qxc5 1/2-1/2

[Event "24. European Club Cup 2008"]
[Site "Kallithea GRE"]
[Date "2008.10.23"]
[Round "7.24"]
[White "Petersen, Steen"]
[Black "Mastrovasilis, Athanasios"]
[Result "0-1"]
[WhiteElo "2164"]
[BlackElo "2495"]
[PlyCount "62"]
[EventDate "2008.10.17"]
[EventType "team-swiss"]
[EventRounds "7"]
[EventCountry "GRE"]
[Source "lmi"]
[SourceDate "2008.10.17"]
[WhiteTeam "Bronshoj"]
[BlackTeam "ESTH Thessaloniki"]

1. e4 d5 2. exd5 Nf6 3. d4 Bg4 4. Be2 Bxe2 5. Qxe2 Qxd5 6. Nf3 e6 7. c4 Qh5 8.
Bf4 Bd6 9. Bxd6 cxd6 10. Nc3 O-O 11. O-O Nc6 12. Rfd1 d5 13. c5 g5 14. Rab1 a5
15. Na4 g4 16. Ne1 Ne4 17. Nb6 Rad8 18. f4 f5 19. g3 Rf6 20. Ng2 Qh3 21. Ne3 h5
22. Nf1 h4 23. Qg2 Kf7 24. Rd3 Rh6 25. a3 hxg3 26. hxg3 Qh5 27. b4 Rdh8 28. b5
Qg6 29. bxc6 Qh7 30. Qxe4 fxe4 31. Rdb3 e3 0-1

[Event "24. European Club Cup 2008"]
[Site "Kallithea GRE"]
[Date "2008.10.23"]
[Round "7.24"]
[White "Iskos, Alexandros"]
[Black "Christensen, Esben"]
[Result "1-0"]
[WhiteElo "2091"]
[BlackElo "2038"]
[PlyCount "51"]
[EventDate "2008.10.17"]
[EventType "team-swiss"]
[EventRounds "7"]
[EventCountry "GRE"]
[Source "lmi"]
[SourceDate "2008.10.17"]
[WhiteTeam "ESTH Thessaloniki"]
[BlackTeam "Bronshoj"]

1. e4 c5 2. Nf3 e6 3. d3 d5 4. Nbd2 Nf6 5. g3 Nc6 6. Bg2 Be7 7. O-O O-O 8. e5
Nd7 9. Re1 f6 10. exf6 Bxf6 11. c3 Nb6 12. Nb3 c4 13. Nbd4 Re8 14. Nxc6 bxc6
15. Ne5 Bxe5 16. Rxe5 cxd3 17. Qxd3 Nd7 18. Rh5 g6 19. Rh6 Nf8 20. h4 e5 21.
Bg5 Qd6 22. h5 Bf5 23. Qxf5 gxf5 24. Rxd6 Ne6 25. Bf6 e4 26. Rxc6 1-0

[Event "24. European Club Cup 2008"]
[Site "Kallithea GRE"]
[Date "2008.10.23"]
[Round "7.25"]
[White "Ocantos, Manuel"]
[Black "Lampen, Timo"]
[Result "0-1"]
[WhiteElo "2136"]
[BlackElo "2337"]
[PlyCount "126"]
[EventDate "2008.10.17"]
[EventType "team-swiss"]
[EventRounds "7"]
[EventCountry "GRE"]
[Source "lmi"]
[SourceDate "2008.10.17"]
[WhiteTeam "Bonnevoie"]
[BlackTeam "Tammer"]

1. e4 c5 2. Nf3 d6 3. d4 cxd4 4. Nxd4 Nf6 5. Nc3 g6 6. Bc4 Bg7 7. Be3 O-O 8. f3
Nc6 9. Qd2 Bd7 10. O-O-O Qb8 11. h4 b5 12. Bb3 a5 13. Nxc6 Bxc6 14. Nd5 Bxd5
15. Bxd5 Ra6 16. a3 Rc8 17. Kb1 b4 18. a4 Nxd5 19. Qxd5 Rac6 20. Rd2 Qc7 21.
Qb3 Rc4 22. h5 d5 23. exd5 Qd7 24. Re1 Rc3 25. bxc3 Rxc3 26. Qb2 Rxe3 27. Qxg7+
Kxg7 28. Rxe3 Kf6 29. hxg6 hxg6 30. Red3 Qxa4 31. d6 exd6 32. Rxd6+ Kg7 33. Rb6
Qe8 34. Ka2 Qe3 35. Rbd6 a4 36. R6d3 Qe6+ 37. Kb1 Qc4 38. Rd4 Qf1+ 39. Rd1 Qxg2
40. Rxb4 Qxf3 41. Rd3 Qc6 42. Ra3 f5 43. Rbxa4 Qb5+ 44. Kc1 Qf1+ 45. Kb2 f4 46.
c4 Qe2+ 47. Kc3 f3 48. Ra7+ Kh6 49. Ra1 f2 50. Rh1+ Kg5 51. Raa1 Kf4 52. c5 g5
53. Kb4 g4 54. c6 g3 55. Kc5 g2 56. Rhc1 f1=Q 57. Rxf1+ gxf1=Q 58. Rxf1+ Qxf1
59. Kb6 Qb1+ 60. Ka7 Qa2+ 61. Kb8 Qb3+ 62. Kc8 Ke5 63. c7 Kd6 0-1

[Event "24. European Club Cup 2008"]
[Site "Kallithea GRE"]
[Date "2008.10.23"]
[Round "7.26"]
[White "Sahitaj, Naim"]
[Black "Kanakaris, Georgios"]
[Result "0-1"]
[WhiteElo "2221"]
[BlackElo "2342"]
[PlyCount "154"]
[EventDate "2008.10.17"]
[EventType "team-swiss"]
[EventRounds "7"]
[EventCountry "GRE"]
[Source "lmi"]
[SourceDate "2008.10.17"]
[WhiteTeam "Llamkos"]
[BlackTeam "Galaxias Thessaloniki"]

1. d4 Nf6 2. c4 g6 3. Nc3 Bg7 4. e4 d6 5. Bd3 e5 6. Nge2 O-O 7. f3 exd4 8. Nxd4
Nbd7 9. Be3 Nc5 10. Be2 a5 11. Qd2 Ne6 12. Ndb5 Bd7 13. O-O Re8 14. Rad1 Bxb5
15. Nxb5 Nd7 16. b3 Ndc5 17. Rfe1 Qf6 18. Bf1 Red8 19. Qf2 Qe7 20. g3 c6 21.
Nd4 Nxd4 22. Bxd4 Bxd4 23. Qxd4 Ne6 24. Qf2 a4 25. b4 a3 26. Bh3 Ra4 27. Qd2
Qc7 28. Bxe6 fxe6 29. Rb1 c5 30. bxc5 Qxc5+ 31. Qe3 Rxc4 32. Rb3 b5 33. Rxa3 b4
34. Rd3 Ra8 35. Re2 h5 36. Kg2 Qxe3 37. Rdxe3 Kf7 38. Rb3 Ra4 39. Reb2 d5 40.
exd5 exd5 41. Kf2 d4 42. Re2 Kf6 43. f4 Rc3 44. Rbb2 h4 45. Rbd2 d3 46. Re3
Rxa2 47. Rexd3 Rxd3 48. Rxa2 b3 49. Ra6+ Kf5 50. Rb6 h3 51. Ke2 Rxg3 52. hxg3
h2 53. Rxb3 h1=Q 54. Rb5+ Ke4 55. Re5+ Kd4 56. Kf2 Qc6 57. Rg5 Kd3 58. Re5 Qh1
59. Re3+ Kd2 60. Re2+ Kd1 61. Re5 Qh2+ 62. Kf3 Kd2 63. Kg4 Qh8 64. Kg5 Qd8+ 65.
Kg4 Qd3 66. Kh4 Qf3 67. Kh3 Kd3 68. Kh2 Kd4 69. Kh3 Qf1+ 70. Kh4 Qd1 71. Kh3 g5
72. Rxg5 Ke4 73. Kh4 Kf3 74. Kh5 Qd6 75. Rg6 Qf8 76. Rg5 Qf6 77. Rg8 Qf5+ 0-1

[Event "24. European Club Cup 2008"]
[Site "Kallithea GRE"]
[Date "2008.10.23"]
[Round "7.27"]
[White "Hansen, Torbjorn Ringdal"]
[Black "Zarzo Lopez, Tomas"]
[Result "1/2-1/2"]
[WhiteElo "2436"]
[BlackElo "2281"]
[PlyCount "80"]
[EventDate "2008.10.17"]
[EventType "team-swiss"]
[EventRounds "7"]
[EventCountry "GRE"]
[Source "lmi"]
[SourceDate "2008.10.17"]
[WhiteTeam "av 1911"]
[BlackTeam "Merida"]

1. e4 e5 2. Nf3 Nc6 3. Bb5 Nge7 4. c3 d6 5. d4 Bd7 6. Bc4 exd4 7. cxd4 d5 8.
exd5 Na5 9. Bd3 Nxd5 10. O-O Be7 11. Ne5 O-O 12. Nc3 Be8 13. Qh5 Nf6 14. Qh4
Nc6 15. Rd1 g6 16. Bh6 Nh5 17. Qe4 Ng7 18. Bc4 Kh8 19. Bd5 Rb8 20. a3 f6 21.
Nf3 a6 22. Ba2 Bd6 23. d5 Ne7 24. Nd4 Nef5 25. Nxf5 gxf5 26. Bxg7+ Kxg7 27.
Qxf5 Bg6 28. Qf3 f5 29. Ne2 Qh4 30. g3 Bh5 31. Qc3+ Qf6 32. Qxf6+ Rxf6 33. Re1
Bxe2 34. Rxe2 f4 35. Rc1 a5 36. Bb3 Rbf8 37. Rc4 h5 38. gxf4 Bxf4 39. Re7+ Kh6
40. Bc2 Bxh2+ 1/2-1/2

[Event "24. European Club Cup 2008"]
[Site "Kallithea GRE"]
[Date "2008.10.23"]
[Round "7.27"]
[White "Garcia-Ortega Mendez, Jose M"]
[Black "Bae, Torstein"]
[Result "1/2-1/2"]
[WhiteElo "2223"]
[BlackElo "2404"]
[PlyCount "42"]
[EventDate "2008.10.17"]
[EventType "team-swiss"]
[EventRounds "7"]
[EventCountry "GRE"]
[Source "lmi"]
[SourceDate "2008.10.17"]
[WhiteTeam "Merida"]
[BlackTeam "av 1911"]

1. e4 c5 2. Nf3 d6 3. c3 Nf6 4. Be2 Bd7 5. e5 dxe5 6. Nxe5 Nc6 7. Nxd7 Qxd7 8.
O-O g6 9. d3 Bg7 10. Be3 b6 11. d4 cxd4 12. cxd4 O-O 13. Nc3 Rfd8 14. Bb5 Qd6
15. Qe2 Nxd4 16. Bxd4 Qxd4 17. Qxe7 Qf4 18. g3 Qh6 19. Rad1 Rdc8 20. Qe2 Qh3
21. Ne4 Rd8 1/2-1/2

[Event "24. European Club Cup 2008"]
[Site "Kallithea GRE"]
[Date "2008.10.23"]
[Round "7.27"]
[White "Urkedal, Frode"]
[Black "Escobar Felix, Eduardo"]
[Result "1-0"]
[WhiteElo "2316"]
[BlackElo "2149"]
[PlyCount "43"]
[EventDate "2008.10.17"]
[EventType "team-swiss"]
[EventRounds "7"]
[EventCountry "GRE"]
[Source "lmi"]
[SourceDate "2008.10.17"]
[WhiteTeam "av 1911"]
[BlackTeam "Merida"]

1. d4 d5 2. c4 c6 3. Nf3 e6 4. Nc3 Nf6 5. Bg5 h6 6. Bh4 g5 7. Bg3 dxc4 8. e4
Nbd7 9. Bxc4 Be7 10. O-O g4 11. Ne5 h5 12. d5 Nxe5 13. Bxe5 Rg8 14. Qb3 cxd5
15. exd5 Qb6 16. Nb5 Kf8 17. Bc7 Qc5 18. d6 a6 19. dxe7+ Kg7 20. Bd6 Qb6 21.
Be5 axb5 22. Bxb5 1-0

[Event "24. European Club Cup 2008"]
[Site "Kallithea GRE"]
[Date "2008.10.23"]
[Round "7.27"]
[White "Bjerke, Silje"]
[Black "Rubio Nevado, Pedro"]
[Result "1/2-1/2"]
[WhiteElo "2204"]
[BlackElo "2083"]
[PlyCount "61"]
[EventDate "2008.10.17"]
[EventType "team-swiss"]
[EventRounds "7"]
[EventCountry "GRE"]
[Source "lmi"]
[SourceDate "2008.10.17"]
[WhiteTeam "av 1911"]
[BlackTeam "Merida"]

1. e4 e5 2. Nf3 Nc6 3. Bb5 a6 4. Ba4 Nf6 5. O-O b5 6. Bb3 Be7 7. Re1 d6 8. c3
O-O 9. h3 Na5 10. Bc2 c5 11. d4 Qc7 12. d5 Bd7 13. b3 Nb7 14. Nbd2 Ne8 15. Nf1
g6 16. Ng3 Ng7 17. Bh6 f6 18. Nh2 Nd8 19. b4 Nf7 20. Bd2 c4 21. a4 Qb7 22. h4
a5 23. h5 Rfc8 24. Re3 Bd8 25. hxg6 hxg6 26. Ngf1 Ng5 27. Ng4 Nh5 28. Re1 Nf7
29. Re3 Ng5 30. Re1 Nf7 31. Re3 1/2-1/2

[Event "24. European Club Cup 2008"]
[Site "Kallithea GRE"]
[Date "2008.10.23"]
[Round "7.27"]
[White "Hernandez Cid, Cesar"]
[Black "Gvein, Kenneth"]
[Result "0-1"]
[WhiteElo "2065"]
[BlackElo "2189"]
[PlyCount "102"]
[EventDate "2008.10.17"]
[EventType "team-swiss"]
[EventRounds "7"]
[EventCountry "GRE"]
[Source "lmi"]
[SourceDate "2008.10.17"]
[WhiteTeam "Merida"]
[BlackTeam "av 1911"]

1. e4 c5 2. Nf3 Nc6 3. d4 cxd4 4. Nxd4 Nf6 5. Nc3 e5 6. Ndb5 d6 7. a4 a6 8. Na3
Be6 9. Bc4 Be7 10. O-O O-O 11. Be3 Rb8 12. Qe2 Qc8 13. Rfd1 Ng4 14. Bxe6 Qxe6
15. Nd5 Nxe3 16. Nxe3 Nd4 17. Qd3 Rfc8 18. a5 Bd8 19. Nac4 Rc6 20. c3 Nb3 21.
Ra3 Nc5 22. Qc2 Rbc8 23. Nd5 g6 24. Nce3 Nd7 25. Qd3 Nc5 26. Qc4 Bg5 27. Nb4
R6c7 28. Ned5 f5 29. exf5 gxf5 30. Nd3 Rf7 31. N3b4 Rd8 32. Raa1 e4 33. Nc2 f4
34. Nd4 Qg6 35. Nb4 f3 36. g3 Qh5 37. Ndc2 e3 38. h4 Re8 39. Re1 exf2+ 40. Kxf2
Re2+ 41. Rxe2 fxe2+ 42. Kg1 Qf3 43. Qd5 Ne4 44. Nd3 Qxg3+ 45. Kh1 Qxh4+ 46. Kg2
Qg3+ 47. Kh1 Qf3+ 48. Kg1 Qf1+ 49. Kh2 Bf4+ 50. Nxf4 Qxf4+ 51. Kh1 Qf3+ 0-1

[Event "24. European Club Cup 2008"]
[Site "Kallithea GRE"]
[Date "2008.10.23"]
[Round "7.28"]
[White "Agopov, Mikael"]
[Black "Henrichs, Thomas"]
[Result "0-1"]
[WhiteElo "2449"]
[BlackElo "2485"]
[PlyCount "56"]
[EventDate "2008.10.17"]
[EventType "team-swiss"]
[EventRounds "7"]
[EventCountry "GRE"]
[Source "lmi"]
[SourceDate "2008.10.17"]
[WhiteTeam "Matinkylaen"]
[BlackTeam "Differdange"]

1. e4 c5 2. Nf3 d6 3. d4 cxd4 4. Nxd4 Nf6 5. Nc3 g6 6. g3 Nc6 7. Nde2 Bg7 8.
Bg2 O-O 9. O-O Rb8 10. a4 a6 11. h3 b5 12. axb5 axb5 13. Be3 b4 14. Nd5 Nd7 15.
Nd4 Bxd4 16. Bxd4 e6 17. Be3 exd5 18. Qxd5 Nde5 19. Rfd1 Ne7 20. Qd4 Be6 21.
Bh6 N7c6 22. Qxd6 Qxd6 23. Rxd6 Rfd8 24. Rxd8+ Rxd8 25. Ra6 Nd4 26. c3 Ndf3+
27. Bxf3 Nxf3+ 28. Kg2 Ne1+ 0-1

[Event "24. European Club Cup 2008"]
[Site "Kallithea GRE"]
[Date "2008.10.23"]
[Round "7.28"]
[White "Bakalarz, Mietek"]
[Black "Lehtivaara, Petri"]
[Result "0-1"]
[WhiteElo "2330"]
[BlackElo "2394"]
[PlyCount "173"]
[EventDate "2008.10.17"]
[EventType "team-swiss"]
[EventRounds "7"]
[EventCountry "GRE"]
[Source "lmi"]
[SourceDate "2008.10.17"]
[WhiteTeam "Differdange"]
[BlackTeam "Matinkylaen"]

1. e4 e5 2. Nf3 Nc6 3. d4 exd4 4. Nxd4 Bb4+ 5. c3 Bc5 6. Be3 Bb6 7. Bc4 Ne5 8.
Be2 Nf6 9. Nd2 d6 10. h3 O-O 11. Qc2 Ng6 12. O-O-O d5 13. h4 h6 14. h5 Ne5 15.
Bf4 Bxd4 16. cxd4 Nc6 17. Be5 Be6 18. a3 Nd7 19. exd5 Ndxe5 20. dxe6 Nxd4 21.
Qe4 Nxe2+ 22. Qxe2 Nd3+ 23. Kc2 Nf4 24. exf7+ Rxf7 25. Qe4 Qe8 26. Qxb7 c6 27.
Qb3 Nxg2 28. Qg3 Nf4 29. Qe3 Nd5 30. Qc5 Rb8 31. Rhe1 Qd7 32. Ne4 Qh3 33. Nc3
Qf5+ 34. Kc1 Nxc3 35. Qxc3 Qxf2 36. Kb1 Qf5+ 37. Ka1 Qxh5 38. Qxc6 Qf5 39. Qd6
Rbf8 40. Rd2 Qf4 41. Qd5 Kh8 42. Re6 Rf5 43. Qd7 Qf1+ 44. Rd1 Qc4 45. Qd6 Kh7
46. Re3 Rf1 47. Red3 R8f2 48. Rxf1 Rxf1+ 49. Rd1 Rxd1+ 50. Qxd1 Qf7 51. a4 h5
52. Qd4 Qe7 53. b4 h4 54. Qd3+ Kh6 55. b5 Qe1+ 56. Ka2 Qf2+ 57. Kb1 Qg1+ 58.
Kc2 Qg2+ 59. Kc3 h3 60. Qe3+ Kh5 61. Qe5+ g5 62. Qh8+ Kg4 63. Qc8+ Kf3 64. Qf5+
Ke2 65. Qc2+ Ke3 66. Qd3+ Kf4 67. Qd6+ Kg4 68. Qe6+ Kh5 69. Qe8+ Kh4 70. Qh8+
Kg3 71. Qe5+ Kf2 72. Qd4+ Ke1 73. Qe3+ Kf1 74. Qd3+ Kg1 75. Qe3+ Kh2 76. a5 g4
77. b6 Qc6+ 78. Kb4 Qd6+ 79. Kb5 Qd5+ 80. Ka6 axb6 81. axb6 Qa2+ 82. Kb5 Qd5+
83. Qc5 Qxc5+ 84. Kxc5 Kg2 85. b7 h2 86. b8=Q h1=Q 87. Qg8 0-1

[Event "24. European Club Cup 2008"]
[Site "Kallithea GRE"]
[Date "2008.10.23"]
[Round "7.28"]
[White "Maki-Uuro, Miikka"]
[Black "Jansen, Christof"]
[Result "1/2-1/2"]
[WhiteElo "2382"]
[BlackElo "2263"]
[PlyCount "30"]
[EventDate "2008.10.17"]
[EventType "team-swiss"]
[EventRounds "7"]
[EventCountry "GRE"]
[Source "lmi"]
[SourceDate "2008.10.17"]
[WhiteTeam "Matinkylaen"]
[BlackTeam "Differdange"]

1. d4 g6 2. e4 Bg7 3. Nf3 d6 4. Be2 e5 5. dxe5 dxe5 6. Qxd8+ Kxd8 7. Nc3 c6 8.
Be3 f6 9. O-O-O+ Nd7 10. g4 Nh6 11. g5 Ng4 12. gxf6 Bxf6 13. Bg5 Ke7 14. Rhf1
Bxg5+ 15. Nxg5 Ngf6 1/2-1/2

[Event "24. European Club Cup 2008"]
[Site "Kallithea GRE"]
[Date "2008.10.23"]
[Round "7.28"]
[White "Jeitz, Christian"]
[Black "Hentunen, Asko"]
[Result "1/2-1/2"]
[WhiteElo "2251"]
[BlackElo "2322"]
[PlyCount "36"]
[EventDate "2008.10.17"]
[EventType "team-swiss"]
[EventRounds "7"]
[EventCountry "GRE"]
[Source "lmi"]
[SourceDate "2008.10.17"]
[WhiteTeam "Differdange"]
[BlackTeam "Matinkylaen"]

1. e4 c5 2. Nf3 g6 3. c4 Bg7 4. d4 Qb6 5. dxc5 Qxc5 6. Nc3 Bxc3+ 7. bxc3 Nc6 8.
Bd3 Nf6 9. O-O O-O 10. h3 d6 11. Be3 Qa5 12. Qb3 Nd7 13. Nd2 Nc5 14. Qc2 Nxd3
15. Qxd3 Ne5 16. Qd4 Nc6 17. Qd3 Ne5 18. Qd4 Nc6 1/2-1/2

[Event "24. European Club Cup 2008"]
[Site "Kallithea GRE"]
[Date "2008.10.23"]
[Round "7.28"]
[White "Mauquoi, Rudi"]
[Black "Raisanen, Kim"]
[Result "1-0"]
[WhiteElo "2032"]
[BlackElo "2174"]
[PlyCount "79"]
[EventDate "2008.10.17"]
[EventType "team-swiss"]
[EventRounds "7"]
[EventCountry "GRE"]
[Source "lmi"]
[SourceDate "2008.10.17"]
[WhiteTeam "Differdange"]
[BlackTeam "Matinkylaen"]

1. e4 c5 2. Nc3 d6 3. g3 g6 4. Bg2 Bg7 5. d3 Nc6 6. f4 e6 7. Nf3 Nge7 8. O-O
O-O 9. Be3 b6 10. e5 d5 11. Bf2 f6 12. exf6 Bxf6 13. Qe2 Nf5 14. Rae1 Bd7 15.
Qd2 Nfd4 16. Nxd4 Nxd4 17. Ne2 Rc8 18. c3 Nf5 19. h3 Ne7 20. g4 Nc6 21. Kh1 Kh8
22. Ng3 Bg7 23. d4 cxd4 24. cxd4 Qf6 25. Ne2 Na5 26. b3 Bb5 27. Be3 Qd8 28. Rf2
Ba6 29. f5 exf5 30. gxf5 Qd7 31. fxg6 Rxf2 32. Bxf2 Qf5 33. Ng3 Qxg6 34. Bxd5
Bh6 35. Qb4 Rc2 36. Be4 Bb7 37. d5 Bxd5 38. Bd4+ Bg7 39. Qf8+ Bg8 40. Bxg6 1-0

[Event "24. European Club Cup 2008"]
[Site "Kallithea GRE"]
[Date "2008.10.23"]
[Round "7.29"]
[White "Brady, Stephen"]
[Black "De Jong, Jan-Willem"]
[Result "0-1"]
[WhiteElo "2385"]
[BlackElo "2479"]
[PlyCount "110"]
[EventDate "2008.10.17"]
[EventType "team-swiss"]
[EventRounds "7"]
[EventCountry "GRE"]
[Source "lmi"]
[SourceDate "2008.10.17"]
[WhiteTeam "Phibsboro"]
[BlackTeam "Calder"]

1. e4 e5 2. Nf3 Nc6 3. Nc3 Nf6 4. Bb5 Bb4 5. O-O O-O 6. d3 Bxc3 7. bxc3 d6 8.
Re1 Bd7 9. d4 Re8 10. Bd3 h6 11. Rb1 Rb8 12. d5 Ne7 13. Nd2 Nh7 14. Qh5 Rf8 15.
Nf1 f5 16. exf5 Bxf5 17. Bxf5 Rxf5 18. Qd1 Qd7 19. Ng3 Rf7 20. Be3 Qa4 21. Qd3
b6 22. c4 Rbf8 23. f3 Nf6 24. Rb5 Qxa2 25. Qc3 Qa6 26. Ra1 Qb7 27. Qa3 Ra8 28.
Qa6 Qxa6 29. Rxa6 Nd7 30. Ne4 Nc8 31. Bd2 Nb8 32. Ra1 a5 33. Rbb1 Nd7 34. Bc3
Ne7 35. Rd1 Nf5 36. Kf2 Re8 37. Ke2 Kf8 38. Be1 Ke7 39. c3 Kd8 40. Bf2 Nf6 41.
g4 Nxe4 42. fxe4 Ne7 43. Rdb1 Rf4 44. Bxb6 cxb6 45. Rxb6 Nc8 46. Rc6 Rxe4+ 47.
Kd3 Rxg4 48. Rxa5 Re7 49. Ra8 Rc7 50. Rxd6+ Ke7 51. Re6+ Kd7 52. Rxe5 Rgxc4 53.
Ra3 Rh4 54. Re2 Nd6 55. Rf2 Rh3+ 0-1

[Event "24. European Club Cup 2008"]
[Site "Kallithea GRE"]
[Date "2008.10.23"]
[Round "7.29"]
[White "Abeln, Michiel"]
[Black "O'donovan, Richard"]
[Result "1-0"]
[WhiteElo "2329"]
[BlackElo "2162"]
[PlyCount "51"]
[EventDate "2008.10.17"]
[EventType "team-swiss"]
[EventRounds "7"]
[EventCountry "GRE"]
[Source "lmi"]
[SourceDate "2008.10.17"]
[WhiteTeam "Calder"]
[BlackTeam "Phibsboro"]

1. c4 Nf6 2. g3 e6 3. Bg2 d5 4. Nf3 Be7 5. O-O O-O 6. d4 c6 7. b3 Nbd7 8. Qc2
Re8 9. Nbd2 b6 10. e4 dxe4 11. Nxe4 Nxe4 12. Qxe4 Nf6 13. Qc2 Bb7 14. Rd1 Nd7
15. Bf4 Qc8 16. Rd2 Rd8 17. Rad1 h6 18. Rd3 Bb4 19. Qc1 Bf8 20. h4 b5 21. cxb5
Nf6 22. Ne5 c5 23. Nc6 Re8 24. dxc5 Nd5 25. Bxd5 exd5 26. Na5 1-0